LEADER 00917nam0-22003131i-450- 001 990003015600403321 035 $a000301560 035 $aFED01000301560 035 $a(Aleph)000301560FED01 035 $a000301560 100 $a20000920d1979----km-y0itay50------ba 101 0 $aita 102 $aIT 200 1 $a<>aumento della popolazione nell'era moderna$fThomas McKeown$gIntroduzione di Giorgio Bert. 210 $aMilano$cFeltrinelli$d1979. 215 $a239 p.$d18 cm 225 1 $aMedicina critica$v181 300 $aCon "Infanticidio" : Una rassegna storica di William L. Langer 676 $a15310 676 $a20410 702 1$aMacKeown,$bThomas 801 0$aIT$bUNINA$gRICA$2UNIMARC 901 $aBK 912 $a990003015600403321 952 $a15310 MCK$b9242/I$fSES 959 $aSES 996 $aAumento della popolazione nell'era moderna$9467746 997 $aUNINA DB $aING01 LEADER 01294nam2 22003133i 450 001 RMG0186987 005 20251003044339.0 010 $a9788859803980 100 $a20091029d2009 ||||0itac50 ba 101 | $aita 102 $ait 181 1$6z01$ai $bxxxe 182 1$6z01$an 200 0 $a2$fPaolo Cendon, Rita Rossi 210 $aTorino$cUTET giuridica$d2009 215 $aP. XXVIII, 675-1373$d25 cm. 461 1$1001RMG0186961$12001 $aAmministrazione di sostegno$emotivi ispiratori e applicazioni pratiche$fPaolo Cendon, Rita Rossi$v2 606 $aPersone con disabilitā$xAssistenza$xLegislazione$xItalia$2FIR$3SBNC000124$9N 676 $a344.0324$9Problemi e servizi dell'assistenza sociale per persone con invaliditā fisiche$v21 676 $a344.450324$9DIRITTO IN MATERIA DI PROBLEMI E SERVIZI per persone con invalidita fisiche. Italia$v21 696 $aAiuto 699 $aAssistenza$yAiuto 801 3$aIT$bIT-000000$c20091029 850 $aIT-BN0095 912 $aRMG0186987 950 2$aBiblioteca Centralizzata di Ateneo$d 01D (S) 3 532$e 01S 0090035325 VMA (0002 v. 2$fY $h20140716$i20140716 977 $a 01 996 $a2$961340 997 $aUNISANNIO